Mathematical concepts in organic chemistry /
Guardado en:
| Autor Principal: | |
|---|---|
| Otros Autores: | |
| Formato: | Libro |
| Idioma: | English |
| Publicado: |
Berlin :
Springer-Verlag,
c1986.
|
| Materias: | |
| Etiquetas: |
Agregar Etiqueta
Sin Etiquetas, Sea el primero en etiquetar este registro!
|
| LEADER | 00733pam a2200229 a 4500 | ||
|---|---|---|---|
| 001 | MAT.inmabb004895 | ||
| 008 | 860513s1986####gw#a#####b####001#0#eng## | ||
| 005 | 20170605130234.0 | ||
| 245 | 1 | 0 | |a Mathematical concepts in organic chemistry / |c Ivan Gutman, Oskar E. Polansky. |
| 260 | |a Berlin : |b Springer-Verlag, |c c1986. | ||
| 300 | |a x, 212 p. : |b il. ; |c 25 cm. | ||
| 504 | |a Bibliografía: p. [203]-207. | ||
| 510 | 4 | |a MR, |c 87m:92102 | |
| 020 | |a 3540162356 | ||
| 020 | |a 0387162356 | ||
| 100 | 1 | |a Gutman, Ivan, |d 1947- | |
| 700 | 1 | |a Polansky, Oskar E., |d 1919- | |
| 650 | 0 | |a Chemistry, Organic |x Mathematics. | |
| 084 | |a 92A40 (05C99 20-02) |2 MR | ||
| 010 | |a 86013103 | ||
| 040 | |a DLC |c DLC |d DLC | ||
| 859 | |h 92 |i G984 |p A-6153 |b BIB. MATEMATICA | ||
